Pericolo Imminente
Saved in:
| Hovedforfatter: | |
|---|---|
| Format: | Bog |
| Sprog: | ukendt sprog |
| Udgivet: |
Bur Rizzoli
|
| Tags: |
Ingen Tags, Vær først til at tagge denne postø!
|
MARC
| LEADER | 00000nam a2200000Ia 4500 | ||
|---|---|---|---|
| 001 | R-652 | ||
| 003 | CODICE-MESSINA | ||
| 005 | 20260212102455.0 | ||
| 008 | 260211s9999 xx 000 0 und d | ||
| 040 | |c importazione_messina | ||
| 100 | |a Clancy | ||
| 245 | 0 | |a Pericolo Imminente | |
| 260 | |b Bur Rizzoli | ||
| 942 | |2 ddc |c BK | ||
| 952 | |0 0 |1 0 |2 ddc |4 0 |6 SCAFFALE_6_000000000000000__ROMANZI |7 0 |9 31475 |a ME |b ME |d 2026-02-11 |l 0 |o SCAFFALE 6 - ROMANZI |p R-652 |r 2026-02-11 23:52:34 |w 2026-02-11 |x [REVISIONARE] |y BK | ||
| 999 | |c 27140 |d 27140 | ||